Southville International School and Colleges
Your cart is empty.
  • Cart
  • Lists
    Public lists Eva Luna New books Lux_list list_1
    Your lists Log in to create your own lists
  • Log in to your account
  • Your cookies
  • Search history
Southville International School and Colleges
  • Advanced search
  • Recent comments
  • Most popular
  • Libraries

Log in to your account

Log in with GOOGLE


If you do not have an external account, but do have a local account, you can still log in:

  1. Home
  2. MARC view: Counselling children :
Normal view MARC view ISBD view

Counselling children : (Record no. 25658)

[ view plain ]
MARC details
000 -LEADER
fixed length control field 00766nam a22002537a 4500
005 - DATE AND TIME OF LATEST TRANSACTION
control field 20140310183633.0
008 - FIXED-LENGTH DATA ELEMENTS--GENERAL INFORMATION
fixed length control field 131123b xxu||||| |||| 00| 0 eng d
020 ## - INTERNATIONAL STANDARD BOOK NUMBER
International Standard Book Number 9781446256541
050 ## - LIBRARY OF CONGRESS CALL NUMBER
Classification number RJ 504
Item number .G315 2013
100 ## - MAIN ENTRY--PERSONAL NAME
Personal name Geldard, Kathryn
245 ## - TITLE STATEMENT
Title Counselling children :
Remainder of title a practical introduction /
Statement of responsibility, etc Kathryn Geldard, David Geldard.
250 ## - EDITION STATEMENT
Edition statement 4th ed.
260 ## - PUBLICATION, DISTRIBUTION, ETC. (IMPRINT)
Place of publication, distribution, etc Thousand Oaks, CA :
Name of publisher, distributor, etc Sage Publications,
Date of publication, distribution, etc 2013.
300 ## - PHYSICAL DESCRIPTION
Extent 342 p. :
Dimensions 25 cm.
504 ## - BIBLIOGRAPHY, ETC. NOTE
Bibliography, etc Includes Bibliographic References and Index.
521 ## - TARGET AUDIENCE NOTE
Target audience note
650 ## - SUBJECT ADDED ENTRY--TOPICAL TERM
Topical term or geographic name as entry element Children
General subdivision Counseling of.
650 ## - SUBJECT ADDED ENTRY--TOPICAL TERM
Topical term or geographic name as entry element Child psychotherapy.
650 ## - SUBJECT ADDED ENTRY--TOPICAL TERM
Topical term or geographic name as entry element Counseling.
700 ## - ADDED ENTRY--PERSONAL NAME
Personal name Geldard, David
700 ## - ADDED ENTRY--PERSONAL NAME
Personal name Yin Foo, Rebecca
942 ## - ADDED ENTRY ELEMENTS (KOHA)
Source of classification or shelving scheme Library of Congress Classification
Koha item type Books
Call number prefix Foreign
Holdings
Withdrawn status Lost status Source of classification or shelving scheme Damaged status Home library Current library Shelving location Date acquired Total Checkouts Full call number Barcode Date last seen Copy number Price effective from Koha item type
    Library of Congress Classification   College Library College Library Reserve Section 11/23/2013   RJ 504 .G315 2013 C17189 05/15/2018 1 11/23/2013 Books

Counselling children :

APA

Geldard K., Geldard D. & Yin Foo R. (2013). Counselling children. Thousand Oaks, CA: Sage Publications.

Chicago

Geldard Kathryn, Geldard David and Yin Foo Rebecca. 2013. Counselling children. Thousand Oaks, CA: Sage Publications.

Harvard

Geldard K., Geldard D. and Yin Foo R. (2013). Counselling children. Thousand Oaks, CA: Sage Publications.

MLA

Geldard Kathryn, Geldard David and Yin Foo Rebecca. Counselling children. Thousand Oaks, CA: Sage Publications. 2013.

  • Place hold
  • Print
  • Cite
  • Add to your cart (remove)
  • Save record
    BIBTEX Dublin Core MARCXML MARC (non-Unicode/MARC-8) MARC (Unicode/UTF-8) MARC (Unicode/UTF-8, Standard) MODS (XML) RIS
  • More searches
    Search for this title in:
    Other Libraries (WorldCat) Other Databases (Google Scholar) Online Stores (Bookfinder.com) Open Library (openlibrary.org)

Exporting to Dublin Core...

SOUTHVILLE LIBRARY

Southville International School and Colleges Library

1281 Tropical Ave. Cor. Luxembourg St., BF Homes International, Las Pinas City

Tel. No. 8256374 / 252358 Loc. 117/146

Powered by Koha